[Event "XXXIV C.to Italiano Seniores"]
[Site "Arvier ITA"]
[Date "2012.04.21"]
[Round "8"]
[White "Iudicello, Giovanni"]
[Black "Bisignano, Giuseppe"]
[WhiteElo "2159"]
[BlackElo "1850"]
[Result "0-1"]
[PlyCount "84"]
[EventDate "2012.04.14"]

1. e4 e5 2. Nf3 Nc6 3. Bb5 a6 4. Ba4 Nf6 5. O-O Be7 6. Re1 d6 7. c3 b5 8. Bc2
O-O 9. h3 Bb7 10. d3 Re8 11. Nbd2 Bf8 12. Nf1 g6 13. Ng3 Bg7 14. Be3 d5 15. Qc1
dxe4 16. dxe4 Qe7 17. Bh6 Rad8 18. b4 a5 19. a3 a4 20. Bxg7 Kxg7 21. Qg5 Kh8
22. Bb1 Bc8 23. Ba2 Rd3 24. Rac1 Bxh3 25. Bb1 Rxf3 26. gxf3 Nd8 27. Bd3 c6 28.
c4 bxc4 29. Bxc4 Kg7 30. Red1 h6 31. Nh5+ Nxh5 32. Qxe7 Rxe7 33. Rxd8 Nf4 34.
Ra8 Rd7 35. Rxa4 g5 36. Ra6 g4 37. fxg4 Bxg4 38. Bf1 Bf3 39. Raxc6 Bxe4 40.
R6c5 Kf6 41. R5c3 h5 42. Re1 42... Bd5 $138 0-1

[Event "XXXIV C.to Italiano Seniores"]
[Site "Arvier ITA"]
[Date "2012.04.21"]
[Round "8"]
[White "Laco, Giuseppe"]
[Black "Goli, Daniele"]
[WhiteElo "2098"]
[BlackElo "1961"]
[Result "1-0"]
[PlyCount "57"]
[EventDate "2012.04.14"]

1. c4 Nf6 2. Nc3 c5 3. e4 Nc6 4. d3 d6 5. h3 g6 6. f4 Bg7 7. Nge2 h5 8. g3 Bd7
9. Be3 a6 10. Bg2 Rb8 11. a4 Qc8 12. Qd2 b6 13. Rb1 Qc7 14. O-O e6 15. b3 O-O
16. Kh2 Ne7 17. Ng1 Nh7 18. Nf3 Nc6 19. Ne2 Rbd8 20. d4 Bc8 21. d5 exd5 22.
cxd5 Nb4 23. f5 Rde8 24. Nh4 Nf6 25. Nc3 Kh7 26. Bg5 Qd7 27. Rf4 Ng8 28. Rbf1
Re5 29. fxg6+ 1-0

[Event "XXXIV C.to Italiano Seniores"]
[Site "Arvier ITA"]
[Date "2012.04.21"]
[Round "8"]
[White "Nai, Giovanni"]
[Black "Pipitone, Antonio"]
[WhiteElo "1651"]
[BlackElo "1941"]
[Result "1/2-1/2"]
[PlyCount "100"]
[EventDate "2012.04.14"]

1. e4 c5 2. Nf3 d6 3. d4 cxd4 4. Nxd4 Nf6 5. Nc3 Nc6 6. Be2 e6 7. Be3 Be7 8.
Qd2 a6 9. O-O O-O 10. Rad1 Qc7 11. f4 Nxd4 12. Bxd4 e5 13. Be3 exf4 14. Bxf4
Qb6+ 15. Kh1 Be6 16. b3 Rac8 17. Na4 Qc6 18. Bd3 b5 19. Nb2 Nxe4 20. Bxe4 Qxe4
21. Nd3 d5 22. Rfe1 Qg6 23. c3 Bf6 24. Be5 Bxe5 25. Rxe5 Rfd8 26. Qe1 Qf6 27.
Nb4 g6 28. Nxa6 Bg4 29. Rd4 Qxa6 30. Rxg4 Qxa2 31. Rb4 Qb2 32. h3 Qxc3 33. Qxc3
Rxc3 34. Rxb5 d4 35. Red5 Rcc8 36. Kg1 Kf8 37. Kf1 Ke7 38. Ke2 Rc2+ 39. Kf3 Rd6
40. Rb7+ Ke6 41. Rxd6+ Kxd6 42. Rxf7 Ke5 43. Re7+ Kd5 44. Rxh7 Rc3+ 45. Ke2
Rxb3 46. g4 Ke4 47. Re7+ Kf4 48. Rd7 Ke5 49. Rh7 Rg3 50. Kf2 Ra3 1/2-1/2

[Event "XXXIV C.to Italiano Seniores"]
[Site "Arvier ITA"]
[Date "2012.04.21"]
[Round "8"]
[White "Nipote, Mario"]
[Black "Bogatto, Mario"]
[WhiteElo "1504"]
[BlackElo "1421"]
[Result "1-0"]
[PlyCount "155"]
[EventDate "2012.04.14"]

1. d4 d5 2. c4 e6 3. Nc3 Nf6 4. Nf3 Be7 5. e3 c6 6. Bd3 dxc4 7. Bxc4 Nd5 8. a3
Nd7 9. O-O Nxc3 10. bxc3 Nf6 11. Qc2 O-O 12. Bd3 g6 13. e4 Ne8 14. Bh6 Ng7 15.
e5 Bd7 16. Qd2 f6 17. Bc4 Be8 18. Bxg7 Kxg7 19. Bxe6 Bf7 20. Bxf7 Rxf7 21. a4
Qd7 22. Qe3 Qe6 23. Rfe1 f5 24. h4 h6 25. Qf4 b6 26. g3 Rh8 27. Kg2 Kf8 28.
Rec1 Rg7 29. c4 g5 30. hxg5 hxg5 31. d5 Qh6 32. Qxf5+ Rf7 33. Qg4 cxd5 34. Rh1
Qg7 35. Rxh8+ Qxh8 36. Rh1 Qg8 37. cxd5 Rh7 38. Rc1 Bc5 39. e6 Ke7 40. Qxg5+
Qxg5 41. Nxg5 Rh5 42. Ne4 Rxd5 43. Nxc5 bxc5 44. Re1 c4 45. f4 c3 46. Kf3 c2
47. Rc1 Rc5 48. Kg4 Kxe6 49. Kf3 Rc3+ 50. Ke4 Rc4+ 51. Kd3 Rxa4 52. Kxc2 Kf5
53. Kb3 Re4 54. Rc3 Kg4 55. Kc2 Re1 56. Kb3 Rg1 57. Kb4 Ra1 58. Ra3 Rb1+ 59.
Ka5 Rb6 60. Rc3 Rf6 61. Ra3 Rh6 62. Kb4 a6 63. Ka5 Rf6 64. Rb3 Rh6 65. Rb6 Rh3
66. Rg6+ Kf5 67. Rg5+ Kf6 68. Kxa6 Rh1 69. Kb5 Rc1 70. Rc5 Rg1 71. Rc3 Kf5 72.
Kc5 Re1 73. Kd5 Rd1+ 74. Kc4 Rd8 75. Rd3 Rc8+ 76. Kd4 Rd8+ 77. Ke3 Kg4 78. Rxd8
1-0

[Event "XXXIV C.to Italiano Seniores"]
[Site "Arvier ITA"]
[Date "2012.04.21"]
[Round "8"]
[White "Palermiti, Francesco"]
[Black "Beltrami, Nerio"]
[WhiteElo "1545"]
[BlackElo "1934"]
[Result "0-1"]
[PlyCount "128"]
[EventDate "2012.04.14"]

1. d4 Nf6 2. Nf3 g6 3. e3 d6 4. b3 Bg7 5. Bb2 O-O 6. Nbd2 c5 7. h3 Nc6 8. a3
Bf5 9. c4 Ne4 10. Be2 Nxd2 11. Qxd2 Qb6 12. Bd1 Na5 13. Qc3 Rac8 14. O-O cxd4
15. exd4 Qd8 16. Bc2 Bxc2 17. Qxc2 b5 18. Qd3 bxc4 19. bxc4 Nxc4 20. Bc1 d5 21.
Rb1 Qd7 22. Re1 Rb8 23. Rxb8 Rxb8 24. Ne5 Nxe5 25. dxe5 e6 26. Bg5 Qb5 27. Qe3
Qb6 28. Bf6 Bf8 29. Qc3 Bc5 30. Qg3 Qb3 31. Qh4 Bf8 32. Re3 Qd1+ 33. Kh2 Qd2
34. Qg3 Qa5 35. h4 h5 36. Qg5 Qa4 37. Rg3 Kh7 38. Be7 Bh6 39. Qf6 Qf4 40. Bd6
Qxf6 41. exf6 Rb6 42. Be5 Rb7 43. Rc3 Bd2 44. Rc8 g5 45. hxg5 Bxg5 46. f4 Bh6
47. Re8 Kg6 48. Re7 Rb3 49. Rxa7 Bf8 50. a4 Bc5 51. Ra8 d4 52. Rg8+ Kf5 53.
Rg5+ Ke4 54. Bxd4 Bxd4 55. Rxh5 Ra3 56. a5 Bxf6 57. g3 Bc3 58. Rh7 f6 59. Re7
Kf5 60. g4+ Kxg4 61. Rxe6 Kxf4 62. Ra6 f5 63. Rc6 Bxa5 64. Rc4+ Kf3 0-1

[Event "XXXIV C.to Italiano Seniores"]
[Site "Arvier ITA"]
[Date "2012.04.21"]
[Round "8"]
[White "Piazza, Giacomo"]
[Black "Chiandussi, Livio"]
[WhiteElo "1619"]
[BlackElo "1484"]
[Result "1-0"]
[PlyCount "117"]
[EventDate "2012.04.14"]

1. Nf3 d5 2. e3 Nc6 3. b3 e5 4. d3 Bd6 5. Nbd2 Bg4 6. Be2 Nf6 7. h3 Bh5 8. Bb2
Qe7 9. a3 h6 10. c4 dxc4 11. Nxc4 Nd7 12. Nxd6+ cxd6 13. Qc2 O-O 14. O-O Rac8
15. Qd2 Rc7 16. b4 Rfc8 17. Rac1 a6 18. Kh2 Nf6 19. Ng1 Bxe2 20. Nxe2 Nd8 21.
Rxc7 Rxc7 22. Ng3 Qd7 23. f4 Qc8 24. Rc1 exf4 25. exf4 Ne6 26. Rxc7 Qxc7 27.
Bxf6 gxf6 28. Qb2 Nxf4 29. Qxf6 Ng6 30. h4 Qe7 31. Qxe7 Nxe7 32. Ne4 Nc8 33. g4
Kg7 34. Kg3 f6 35. Kf4 Kg6 36. h5+ Kf7 37. Ng3 Ne7 38. Ne4 Ke6 39. Nc3 Nc6 40.
b5 Nd4 41. bxa6 bxa6 42. Ke4 Nb5 43. Nd5 Nxa3 44. Nc7+ Kf7 45. Nxa6 Nb5 46. Nb4
Ke6 47. Nd5 Kf7 48. Ne3 Ke6 49. Nf5 d5+ 50. Kf4 Kf7 51. Nxh6+ Kg7 52. Nf5+ Kh7
53. Ne7 Nc7 54. Kf5 Kg7 55. Nc6 Kf7 56. Nd8+ Kg7 57. Ne6+ Nxe6 58. Kxe6 d4 59.
Kf5 1-0

[Event "XXXIV C.to Italiano Seniores"]
[Site "Arvier ITA"]
[Date "2012.04.21"]
[Round "8"]
[White "Zangrando, Gianpietro"]
[Black "Colombo, Paolo"]
[WhiteElo "1780"]
[BlackElo "2119"]
[Result "0-1"]
[PlyCount "72"]
[EventDate "2012.04.14"]

1. Nf3 d6 2. d4 c6 3. g3 Qc7 4. Bg2 e5 5. e4 Nf6 6. Nbd2 Be7 7. O-O Bg4 8. Re1
exd4 9. h3 Bxf3 10. Nxf3 c5 11. e5 dxe5 12. Nxe5 O-O 13. Bg5 Nc6 14. Nxc6 bxc6
15. Bxc6 Qxc6 16. Rxe7 Nd5 17. Re1 Rab8 18. Rb1 Qg6 19. Be7 Rfc8 20. a3 Rc7 21.
Bh4 Rcb7 22. Qf3 Rd7 23. Kh2 f6 24. g4 Qxc2 25. Rbc1 Qb3 26. Qf5 Rdd8 27. Bg3
Rbc8 28. Bd6 d3 29. Qe6+ Kh8 30. Rxc5 Qxb2 31. Bg3 Qb7 32. Rec1 Rxc5 33. Rxc5
h6 34. Qe1 Qb3 35. Bc7 Nxc7 36. Rxc7 d2 0-1

[Event "XXXIV C.to Italiano Seniores"]
[Site "Arvier ITA"]
[Date "2012.04.22"]
[Round "9"]
[White "Antonelli, Fabrizio"]
[Black "Nai, Giovanni"]
[WhiteElo "2023"]
[BlackElo "1651"]
[Result "1-0"]
[PlyCount "131"]
[EventDate "2012.04.14"]

1. e4 e5 2. Nf3 Nc6 3. Bb5 a6 4. Ba4 Nf6 5. Qe2 b5 6. Bb3 Be7 7. a4 b4 8. a5
O-O 9. d3 d6 10. Nbd2 Bg4 11. c3 Rb8 12. h3 Bxf3 13. Qxf3 Rb5 14. Ba4 Rxa5 15.
Nc4 Rc5 16. Be3 Rxc4 17. dxc4 Na5 18. b3 bxc3 19. O-O c5 20. Bg5 Qb6 21. Bxf6
Bxf6 22. Qxc3 Rb8 23. Rfd1 Be7 24. Ra2 Qc7 25. Rb1 Rb4 26. Rd1 Qb7 27. Re1 Nxb3
28. Bxb3 Rxb3 29. Qa5 Rb1 30. Ra1 Rb4 31. Qxa6 Qxa6 32. Rxa6 Rxc4 33. Ra8+ Bf8
34. Rb1 Rb4 35. Rxb4 cxb4 36. Rb8 f6 37. Rb7 g6 38. Kf1 f5 39. f3 b3 40. Ke2 b2
41. Rxb2 Kf7 42. Rb7+ Be7 43. Kd3 f4 44. Kc4 Ke6 45. Ra7 g5 46. Ra1 Bf6 47. Ra8
Kf7 48. Ra1 Ke6 49. Ra6 h5 50. Kb5 h4 51. Kc6 Bd8 52. Ra8 Bf6 53. Re8+ Be7 54.
Rh8 Kf7 55. Kd7 Bf6 56. Rh6 Bg7 57. Rxd6 Bf8 58. Ra6 Bb4 59. Re6 Bc3 60. Re7+
Kf6 61. Ke8 Bd4 62. Rf7+ Ke6 63. Rb7 Bc5 64. Rb5 Kd6 65. Kf7 Bd4 66. Rd5+ 1-0

[Event "XXXIV C.to Italiano Seniores"]
[Site "Arvier ITA"]
[Date "2012.04.22"]
[Round "9"]
[White "Beltrami, Nerio"]
[Black "D'Aulisa, Francesco"]
[WhiteElo "1934"]
[BlackElo "1755"]
[Result "1-0"]
[PlyCount "130"]
[EventDate "2012.04.14"]

1. e4 d6 2. d4 e6 3. Nf3 h6 4. Bd3 a6 5. c4 Nd7 6. Nc3 Ne7 7. b3 b6 8. Bb2 Bb7
9. Qe2 g5 10. d5 e5 11. Nd1 Ng6 12. g3 Bc8 13. h4 Be7 14. h5 Ngf8 15. g4 Nf6
16. Nh2 Bd7 17. Ne3 Qc8 18. Rg1 N8h7 19. Kd2 Qb7 20. Rg3 Ng8 21. Rf3 Nf8 22.
Nf5 Bxf5 23. Rxf5 Nd7 24. Nf1 Nc5 25. Ne3 Nf6 26. Qf3 Ncd7 27. Nf1 Qc8 28. Ne3
Rh7 29. Nc2 a5 30. Na3 Bd8 31. Nb5 Ng8 32. Ba3 Ne7 33. Bxd6 Nxf5 34. Qxf5 Nf6
35. Bxe5 Qxf5 36. exf5 Nxg4 37. Nxc7+ Bxc7 38. Bxc7 Nxf2 39. Bc2 f6 40. Bxb6
Ng4 41. Bd4 Re7 42. Bd3 Ne5 43. Be2 Nd7 44. Bf3 Rc8 45. d6 Rg7 46. Re1+ Kd8 47.
Bd5 g4 48. Be6 Rc6 49. c5 g3 50. Rc1 Rg4 51. Be3 g2 52. Bg1 Ne5 53. Bd5 Kd7 54.
Ke2 Rg5 55. a3 Ra6 56. Bb7 Rc6 57. b4 axb4 58. axb4 Rxf5 59. b5 Rxh5 60. bxc6+
Nxc6 61. Kf3 Rg5 62. Bxc6+ Kxc6 63. Re1 h5 64. Re7 h4 65. Rc7+ Kd5 1-0

[Event "XXXIV C.to Italiano Seniores"]
[Site "Arvier ITA"]
[Date "2012.04.22"]
[Round "9"]
[White "Bisignano, Giuseppe"]
[Black "Barlocco, Carlo"]
[WhiteElo "1850"]
[BlackElo "2087"]
[Result "0-1"]
[PlyCount "78"]
[EventDate "2012.04.14"]

1. e4 d5 2. exd5 Qxd5 3. Nc3 Qa5 4. Bc4 Nf6 5. d4 Bf5 6. Bd2 c6 7. Nf3 e6 8.
O-O Bb4 9. a3 Bxc3 10. Bxc3 Qc7 11. Ne5 Nbd7 12. Bd3 Bxd3 13. Qxd3 O-O 14. Rfe1
Rfd8 15. Qh3 Nd5 16. Bd2 Nxe5 17. dxe5 Ne7 18. Bg5 Rd5 19. Qg4 Ng6 20. f4 Qb6+
21. Kh1 Qxb2 22. h4 h6 23. h5 Qxc2 24. Rac1 Qf5 25. Qxf5 exf5 26. hxg6 hxg5 27.
gxf7+ Kxf7 28. Rb1 b6 29. fxg5 Re8 30. Rbc1 c5 31. Rcd1 Rxd1 32. Rxd1 Rxe5 33.
Rd7+ Re7 34. Rd6 Rc7 35. Kh2 c4 36. Kg3 c3 37. Rd1 c2 38. Rc1 Rc4 39. Kf3 Kg6
0-1

[Event "XXXIV C.to Italiano Seniores"]
[Site "Arvier ITA"]
[Date "2012.04.22"]
[Round "9"]
[White "Bonino, Silvano"]
[Black "Palermiti, Francesco"]
[WhiteElo "1516"]
[BlackElo "1545"]
[Result "1-0"]
[PlyCount "103"]
[EventDate "2012.04.14"]

1. d4 d5 2. Bf4 e6 3. e3 Nf6 4. Bd3 Bd6 5. Bxd6 Qxd6 6. c3 O-O 7. Nf3 Nbd7 8.
Nbd2 a6 9. O-O b5 10. a3 Bb7 11. Qc2 h6 12. b4 Nb6 13. Ne5 Nc4 14. Nb3 Nxe5 15.
dxe5 Qxe5 16. Nc5 Bc6 17. h3 Rfd8 18. Rac1 Ne4 19. Nxe4 dxe4 20. Be2 Rd6 21.
Rfd1 Rad8 22. Rxd6 cxd6 23. Rd1 d5 24. c4 Qb8 25. c5 e5 26. f3 exf3 27. Bxf3 e4
28. Bg4 Qe5 29. Qd2 f5 30. Be2 Rf8 31. Rf1 Rf7 32. Bh5 Rf6 33. Be2 g5 34. Bh5
f4 35. Qd4 Qxd4 36. exd4 Kf8 37. Re1 e3 38. Kf1 Ke7 39. Ke2 Kd7 40. Rh1 Kc7 41.
h4 gxh4 42. Rxh4 Bd7 43. Bf3 Kc6 44. Rh5 Be6 45. Re5 Bf7 46. Bh5 Bxh5+ 47. Rxh5
Kb7 48. Rxd5 Rg6 49. Kf3 Rf6 50. Re5 a5 51. Re4 axb4 52. axb4 1-0

[Event "XXXIV C.to Italiano Seniores"]
[Site "Arvier ITA"]
[Date "2012.04.22"]
[Round "9"]
[White "Catalfamo, Santo"]
[Black "Cova, Ennio"]
[WhiteElo "1794"]
[BlackElo "1700"]
[Result "1-0"]
[PlyCount "91"]
[EventDate "2012.04.14"]

1. e4 e5 2. d4 exd4 3. c3 dxc3 4. Bc4 cxb2 5. Bxb2 Bb4+ 6. Nc3 Nf6 7. Bxf7+
Kxf7 8. Qb3+ d5 9. Qxb4 Nc6 10. Qc5 Re8 11. O-O-O Nxe4 12. Nxe4 Rxe4 13. Rxd5
Qe7 14. Qxe7+ Nxe7 15. Rg5 g6 16. Nf3 Bf5 17. Rxf5+ gxf5 18. Ng5+ Kg6 19. Nxe4
fxe4 20. Re1 Kf5 21. f3 Nc6 22. Rxe4 Rd8 23. h4 h5 24. g3 Rd3 25. Rf4+ Ke6 26.
Kc2 Rd5 27. Re4+ Kf5 28. Rf4+ Ke6 29. a3 a5 30. g4 hxg4 31. fxg4 Rd7 32. h5 Rf7
33. Re4+ Kd5 34. Re8 Nd4+ 35. Bxd4 Kxd4 36. g5 Rf2+ 37. Kd1 c5 38. g6 Rg2 39.
Re7 Kd3 40. Rd7+ Kc4 41. g7 Rg1+ 42. Ke2 b5 43. h6 b4 44. axb4 axb4 45. h7 b3
46. g8=Q+ 1-0

[Event "XXXIV C.to Italiano Seniores"]
[Site "Arvier ITA"]
[Date "2012.04.22"]
[Round "9"]
[White "Cavatorta, Fosco"]
[Black "Brioschi, Camillo"]
[WhiteElo "1929"]
[BlackElo "1839"]
[Result "1-0"]
[PlyCount "79"]
[EventDate "2012.04.14"]

1. d4 Nf6 2. Nf3 e6 3. e3 b6 4. Bd3 Bb7 5. O-O Be7 6. c4 d6 7. Nc3 Nbd7 8. e4
e5 9. Qe2 c6 10. Rd1 O-O 11. Bc2 Qc7 12. Bg5 Rfe8 13. Rac1 Nf8 14. Bxf6 Bxf6
15. d5 c5 16. Ba4 Red8 17. b3 Ng6 18. g3 Bc8 19. Bc6 Rb8 20. Kg2 Bg4 21. h3 Bh5
22. Kh2 Qc8 23. Qe3 Bxf3 24. Qxf3 Nf8 25. Qf5 Ne6 26. dxe6 Qxc6 27. exf7+ Kxf7
28. Nd5 Qd7 29. Qh5+ g6 30. Qf3 Qe6 31. Rd3 Rd7 32. Rcd1 Rbd8 33. a4 Kg7 34. a5
bxa5 35. Ra1 Rf8 36. Qe2 Bd8 37. Rc3 Rdf7 38. Rf1 g5 39. Ne3 Rf3 40. Nf5+ 1-0

[Event "XXXIV C.to Italiano Seniores"]
[Site "Arvier ITA"]
[Date "2012.04.22"]
[Round "9"]
[White "Centofante, Maria Rosa"]
[Black "Galanti, Paolo"]
[WhiteElo "1608"]
[BlackElo "1416"]
[Result "1-0"]
[PlyCount "79"]
[EventDate "2012.04.14"]

1. d4 Nf6 2. Nf3 g6 3. c4 Bg7 4. Nc3 d6 5. e4 O-O 6. Be2 c6 7. O-O Nbd7 8. h3
a6 9. Be3 Qc7 10. Qd2 e5 11. d5 c5 12. Bh6 Re8 13. Bxg7 Kxg7 14. Nh4 Nb6 15. b3
Bd7 16. Qg5 Qd8 17. Qg3 Kh8 18. f4 exf4 19. Rxf4 Rg8 20. Qg5 Nh5 21. Qxd8 Raxd8
22. Rxf7 Ng3 23. Kh2 Nxe2 24. Nxe2 Bc8 25. Raf1 Rgf8 26. Rxf8+ Rxf8 27. Rxf8+
Kg7 28. Rf2 Nd7 29. Nc3 Ne5 30. Nf3 Nd3 31. Rd2 Nf4 32. e5 dxe5 33. Nxe5 Kf6
34. Nd3 Nh5 35. Nxc5 b6 36. N5e4+ Ke7 37. d6+ Kd7 38. a4 Bb7 39. Nd5 a5 40.
Nxb6+ 1-0

[Event "XXXIV C.to Italiano Seniores"]
[Site "Arvier ITA"]
[Date "2012.04.22"]
[Round "9"]
[White "Chiandussi, Livio"]
[Black "Pierantoni, Guglielmo"]
[WhiteElo "1484"]
[BlackElo "1693"]
[Result "0-1"]
[PlyCount "100"]
[EventDate "2012.04.14"]

1. d4 Nf6 2. c4 e6 3. Nc3 c5 4. d5 d6 5. dxe6 Bxe6 6. b3 Nc6 7. Nf3 h6 8. Bb2
a6 9. g3 Be7 10. Bg2 Qc7 11. O-O O-O 12. Qc2 Qd7 13. Rad1 Bf5 14. Qc1 Rab8 15.
Nd5 Nxd5 16. Rxd5 Nb4 17. Rd2 f6 18. a3 Nc6 19. Nh4 Bh7 20. Rfd1 Qc7 21. Rd5
Rbd8 22. Nf5 Bxf5 23. Rxf5 Qb8 24. Qe3 Rfe8 25. Qf4 Ne5 26. Qc1 Qc8 27. Rf4 b5
28. cxb5 axb5 29. Bd5+ Kh8 30. Rh4 Bf8 31. Bxe5 dxe5 32. e4 f5 33. f3 Qd7 34.
g4 Qe7 35. Rh3 fxg4 36. fxg4 Qd7 37. Rg3 Be7 38. Qe3 Rc8 39. Rb1 c4 40. bxc4
Bc5 41. Qxc5 Rxc5 42. cxb5 Rxb5 43. g5 Rxd5 44. exd5 Qxd5 45. gxh6 gxh6 46. Rg6
Kh7 47. Rf6 Rg8+ 48. Kf2 Qd2+ 49. Kf1 Qg5 50. Rb7+ Rg7 0-1

[Event "XXXIV C.to Italiano Seniores"]
[Site "Arvier ITA"]
[Date "2012.04.22"]
[Round "9"]
[White "Facchetti, Gianni"]
[Black "Laco, Giuseppe"]
[WhiteElo "2090"]
[BlackElo "2098"]
[Result "1/2-1/2"]
[PlyCount "171"]
[EventDate "2012.04.14"]

1. e4 c5 2. Nf3 Nc6 3. Bb5 a6 4. Bxc6 bxc6 5. d3 g6 6. Nbd2 Bg7 7. e5 d5 8.
exd6 exd6 9. Qe2+ Ne7 10. O-O O-O 11. Re1 Nf5 12. c3 a5 13. a4 Bd7 14. Ne4 Re8
15. Qc2 d5 16. Ng3 Nh4 17. Rxe8+ Bxe8 18. Nxh4 Qxh4 19. Bd2 f5 20. f4 Qd8 21.
Be1 Rb8 22. Bf2 d4 23. c4 Qb6 24. Re1 Bf7 25. Re2 Bh6 26. Qd2 Qc7 27. Be1 Bxf4
28. Qxa5 Bxg3 29. hxg3 Qxa5 30. Bxa5 Rb3 31. Rd2 Kf8 32. Bc7 Ke7 33. a5 Kd7 34.
Bb6 Kd6 35. Kf1 g5 36. Rd1 Be6 37. Ra1 Rxd3 38. Ra4 Bc8 39. a6 Rb3 40. a7 Bb7
41. Bd8 Rb4 42. a8=Q Bxa8 43. Rxa8 h6 44. b3 Kd7 45. Bf6 Rxb3 46. Ra7+ Ke6 47.
Be7 d3 48. Ke1 Rc3 49. Bxc5 Rxc4 50. Bf8 Rc1+ 51. Kd2 Rc2+ 52. Kxd3 Rxg2 53.
Re7+ Kf6 54. Re3 h5 55. Be7+ Kg6 56. Kd4 Rc2 57. Bc5 f4 58. gxf4 gxf4 59. Re6+
Kf5 60. Rxc6 f3 61. Rc8 Kg4 62. Kd3 f2 63. Rg8+ Kh3 64. Bxf2 Rxf2 65. Ke3 Rf1
66. Ke2 Rf4 67. Rg1 h4 68. Rf1 Ra4 69. Rf6 Kh2 70. Rf2+ Kh3 71. Rf3+ Kg4 72.
Rb3 Rf4 73. Rb8 h3 74. Rg8+ Kh4 75. Ke3 Rf5 76. Rh8+ Kg3 77. Rg8+ Kh2 78. Ke2
Kh1 79. Ke1 Ra5 80. Kf1 Ra1+ 81. Kf2 Ra2+ 82. Kf1 Kh2 83. Rg7 Rg2 84. Rh7 Rg8
85. Rf7 Ra8 86. Rf6 1/2-1/2

[Event "XXXIV C.to Italiano Seniores"]
[Site "Arvier ITA"]
[Date "2012.04.22"]
[Round "9"]
[White "Gardi, Giuseppe"]
[Black "Berendino, Giacomo"]
[WhiteElo "2013"]
[BlackElo "1576"]
[Result "1-0"]
[PlyCount "75"]
[EventDate "2012.04.14"]

1. d4 d5 2. c4 e5 3. cxd5 Qxd5 4. e3 Nc6 5. Nf3 Bg4 6. Be2 O-O-O 7. Nc3 Bb4 8.
O-O Qe6 9. Ng5 Bxe2 10. Nxe6 Bxd1 11. Nxd8 Kxd8 12. Rxd1 Nge7 13. dxe5+ Kc8 14.
Nd5 Bc5 15. Nxe7+ Bxe7 16. f4 g5 17. Kf2 Bc5 18. g3 Rg8 19. b3 gxf4 20. gxf4
Be7 21. b4 Bh4+ 22. Kf3 Ne7 23. Bb2 Nf5 24. e4 Ne7 25. Rg1 Re8 26. Rg4 Ng6 27.
f5 h5 28. Rxh4 Nxh4+ 29. Kg3 Ng6 30. fxg6 fxg6 31. Rd1 b6 32. Rd2 Kb7 33. Kf4
Re6 34. b5 c6 35. Rd6 Rxd6 36. exd6 cxb5 37. Kg5 b4 38. Kxg6 1-0

[Event "XXXIV C.to Italiano Seniores"]
[Site "Arvier ITA"]
[Date "2012.04.22"]
[Round "9"]
[White "Jeanrenaud, Antonia"]
[Black "Nipote, Mario"]
[WhiteElo "1597"]
[BlackElo "1504"]
[Result "0-1"]
[PlyCount "134"]
[EventDate "2012.04.14"]

1. e4 c6 2. d4 d5 3. e5 c5 4. Nf3 Bg4 5. c3 cxd4 6. cxd4 Nc6 7. Bb5 a6 8. Bxc6+
bxc6 9. Nbd2 e6 10. h3 Bh5 11. Qc2 Qb6 12. a3 Ne7 13. O-O Rb8 14. b4 Bg6 15.
Qc3 Nc8 16. Nh4 Be7 17. Nxg6 hxg6 18. Nf3 O-O 19. Rd1 Qc7 20. Bg5 f6 21. exf6
gxf6 22. Bh6 Rf7 23. Nh4 Rh7 24. Nxg6 Rxh6 25. Nxe7+ Nxe7 26. Qe3 Kg7 27. Qxe6
Rf8 28. Re1 Rf7 29. Re3 Rg6 30. Rf1 f5 31. Qe5+ Qxe5 32. Rxe5 Rgf6 33. Rfe1 Ng6
34. Re6 Rxe6 35. Rxe6 Rc7 36. Re8 Nf4 37. Re3 Kf6 38. g4 Rg7 39. Kh2 fxg4 40.
h4 Re7 41. Kg3 Rxe3+ 42. fxe3 Nd3 43. Kxg4 Ne1 44. h5 Nc2 45. Kf4 Nxa3 46. e4
dxe4 47. Kxe4 Nc2 48. d5 cxd5+ 49. Kxd5 Nxb4+ 50. Kc4 a5 51. Kb5 Nc6 52. Ka4
Kg5 53. Kb3 Kxh5 54. Ka4 Kg5 55. Kb3 Kf5 56. Kc4 Ke5 57. Kb5 Kd4 58. Ka4 Kc4
59. Ka3 Kb5 60. Kb3 a4+ 61. Ka3 Ne5 62. Kb2 Kb4 63. Ka2 a3 64. Kb1 Kb3 65. Ka1
Nc4 66. Kb1 Ne3 67. Ka1 Nc2+ 0-1

[Event "XXXIV C.to Italiano Seniores"]
[Site "Arvier ITA"]
[Date "2012.04.22"]
[Round "9"]
[White "Maestri, Roberto"]
[Black "Piazza, Giacomo"]
[WhiteElo "1711"]
[BlackElo "1619"]
[Result "0-1"]
[PlyCount "76"]
[EventDate "2012.04.14"]

1. e4 d6 2. d4 a6 3. Nf3 h6 4. Nc3 Nd7 5. Bc4 e6 6. Be3 Ne7 7. Qe2 Nb6 8. Bb3
Bd7 9. O-O-O Nc6 10. d5 Na5 11. dxe6 Nxb3+ 12. cxb3 Bxe6 13. Bxb6 cxb6 14. Qe3
Rc8 15. Kb1 b5 16. Rd2 Be7 17. Nd5 Bxd5 18. Rxd5 O-O 19. Rhd1 Rc6 20. Nd4 Rc5
21. Ne6 fxe6 22. Rxc5 Bg5 23. Rxg5 hxg5 24. f3 d5 25. exd5 exd5 26. Qe6+ Kh8
27. Qxd5 Qe7 28. a3 Rc8 29. Qd7 Qf8 30. Qxb7 Qf5+ 31. Qe4 Qf7 32. b4 Re8 33.
Qd5 Qg6+ 34. Ka2 Re3 35. Qd6 Qc2 36. Qxa6 Qb3+ 37. Kb1 Qxd1+ 38. Ka2 Qb3+ 0-1

[Event "XXXIV C.to Italiano Seniores"]
[Site "Arvier ITA"]
[Date "2012.04.22"]
[Round "9"]
[White "Papa, Angelo"]
[Black "Acunzo, Domenico"]
[WhiteElo "1852"]
[BlackElo "1717"]
[Result "0-1"]
[PlyCount "126"]
[EventDate "2012.04.14"]

1. d4 e6 2. c4 f5 3. g3 Nf6 4. Bg2 d5 5. Nf3 c6 6. O-O Bd6 7. b3 Qe7 8. Qc2 O-O
9. Ne5 Nbd7 10. Bb2 Ne4 11. f3 Ng5 12. Nd2 f4 13. Rae1 Nxe5 14. dxe5 Bc5+ 15.
Kh1 fxg3 16. e3 Bb6 17. f4 Nf7 18. Rf3 Qh4 19. Rxg3 Nh6 20. Nf3 Qe7 21. Rh3 Bd7
22. Ng5 Rf5 23. Rg3 Raf8 24. Bh3 Be8 25. Bxf5 Nxf5 26. Rh3 Bg6 27. Qg2 d4 28.
exd4 Nxd4 29. Bxd4 Bxd4 30. Qg3 Bf5 31. Qh4 h6 32. Nf3 Qxh4 33. Rxh4 Bf2 34.
Rf1 Bxh4 35. Nxh4 Be4+ 36. Kg1 g5 37. fxg5 Rxf1+ 38. Kxf1 hxg5 39. Ng2 Bb1 40.
c5 Bxa2 41. b4 Kg7 42. Ne3 Kg6 43. Kf2 Kh5 44. Kg3 b6 45. cxb6 axb6 46. Nc2 c5
47. bxc5 bxc5 48. h3 Bd5 49. Ne3 Bb3 50. Ng2 c4 51. Kf2 c3 52. Ke2 c2 53. Kd2
Ba4 54. Kc1 Bc6 55. Ne3 Kh4 56. Kxc2 Kxh3 57. Kd2 g4 58. Ke2 g3 59. Kf1 Kh2 60.
Ng4+ Kh1 61. Ne3 g2+ 62. Nxg2 Bxg2+ 63. Kf2 Bd5 0-1

[Event "XXXIV C.to Italiano Seniores"]
[Site "Arvier ITA"]
[Date "2012.04.22"]
[Round "9"]
[White "Pipitone, Antonio"]
[Black "Guaglianone, Mario"]
[WhiteElo "1941"]
[BlackElo "2016"]
[Result "1/2-1/2"]
[PlyCount "50"]
[EventDate "2012.04.14"]

1. e4 b6 2. d4 Bb7 3. Nc3 e6 4. f4 d6 5. Nf3 g6 6. Bd3 Bg7 7. a3 Ne7 8. O-O O-O
9. Qe1 c5 10. Be3 Nbc6 11. Ne2 cxd4 12. Nfxd4 Nxd4 13. Bxd4 e5 14. Bc3 Nc6 15.
Qg3 exf4 16. Qxf4 Qe7 17. Bxg7 Kxg7 18. Rad1 Ne5 19. Nd4 Rad8 20. h4 Bc8 21.
Be2 f5 22. exf5 Bxf5 23. g3 Bd7 24. Qe4 Rxf1+ 25. Rxf1 Rf8 1/2-1/2

[Event "XXXIV C.to Italiano Seniores"]
[Site "Arvier ITA"]
[Date "2012.04.22"]
[Round "9"]
[White "Quagliarella, Sabino Remo"]
[Black "Iudicello, Giovanni"]
[WhiteElo "1901"]
[BlackElo "2159"]
[Result "0-1"]
[PlyCount "141"]
[EventDate "2012.04.14"]

1. d4 Nf6 2. Nf3 g6 3. g3 Bg7 4. Bg2 d6 5. c4 O-O 6. O-O Nbd7 7. Nc3 e5 8. dxe5
dxe5 9. Qc2 c6 10. Rd1 Qe7 11. h3 Ne8 12. e4 Nc7 13. Bg5 f6 14. Be3 Ne6 15. Qd2
f5 16. exf5 gxf5 17. Qd6 Qf7 18. Ng5 Nxg5 19. Bxg5 e4 20. Qe7 Ne5 21. Qxf7+
Kxf7 22. c5 Nd3 23. Na4 Nxb2 24. Nxb2 Bxb2 25. Rab1 Be5 26. Bf1 Rb8 27. Bc4+
Kg6 28. Be7 Re8 29. Bd6 Ra8 30. Bxe5 Rxe5 31. Rd6+ Kg7 32. Rd8 Re7 33. Rbd1 b5
34. Rg8+ Kf6 35. Rd6+ Ke5 36. Bb3 Bb7 37. Rg5 Rf8 38. Kf1 Rf6 39. Rd8 a5 40. a3
b4 41. axb4 Ba6+ 42. Ke1 axb4 43. Kd2 Bf1 44. h4 h6 45. Rgg8 Bb5 46. Ke3 f4+
47. gxf4+ Rxf4 48. Rgf8 Rxh4 49. f4+ exf3 50. Rxf3 Re4+ 51. Kd2 Rd4+ 52. Rxd4
Kxd4 53. Rf5 Re2+ 54. Kd1 Re5 55. Rf4+ Kxc5 56. Rh4 h5 57. Bf7 Be2+ 58. Kd2 Bg4
59. Rh2 Kd4 60. Rf2 c5 61. Bg6 c4 62. Rf4+ Kc5 63. Rf2 c3+ 64. Kd3 Be6 65. Kc2
h4 66. Bd3 h3 67. Bf1 Rf5 68. Re2 Rxf1 69. Rxe6 Rf2+ 70. Kd3 Rd2+ 71. Ke4 0-1